00767nam a2200193 i 450000100060000000300090000600500170001500700030003200800410003510000330007624501040010926000540021330000300026765100540029765100540035185200310040599900170043695201200045333220ES-MaACL20230906154723.0t|030201s1946 sp ||||1| spa d1 aBerenguer, Dámaso.916270910aCrisis del reinado de Alfonso XIII b: de la dictadura a la República / cpor Dámaso Berenguer. aMadrid : bPlus Ultra, c[s.a.] (fAldus, g1946) a417 p. : bil. ; c21 cm. 4aEspaña-xHistoria-y1923-1930, Dictadura.98281 4aEspaña-xHistoria-y1931, Revolución.9159714 aES-MaACLjC-3949 bR.23616 c33220d33220 00104070aATENEOMbATENEOMcSPALd2008-01-17eSCl0oC-3949p1034537r2023-02-23 00:00:00w2023-02-23yMONOGRAFIA